Macro-economía (Registro nro. 5328)
[ vista simple ]
| 000 -LEADER | |
|---|---|
| fixed length control field | 01526 a2200217 4500 |
| 001 - CONTROL NUMBER | |
| control field | 54060 |
| 005 - DATE AND TIME OF LATEST TRANSACTION | |
| control field | 20260407155811.0 |
| 008 - FIXED-LENGTH DATA ELEMENTS--GENERAL INFORMATION | |
| fixed length control field | 260407a1962 arg spa d |
| 003 - CONTROL NUMBER IDENTIFIER | |
| control field | AR-UNSa-BCEJYS |
| 040 ## - CATALOGING SOURCE | |
| Original cataloging agency | AR-UNSa-BCEJYS |
| Language of cataloging | spa |
| Transcribing agency | AR-UNSa-BCEJYS |
| 080 ## - UNIVERSAL DECIMAL CLASSIFICATION NUMBER | |
| Universal Decimal Classification number | 330.101.541 |
| Common auxiliary subdivision | Macroeconomía |
| 041 ## - LANGUAGE CODE | |
| Language code of text/sound track or separate title | spa |
| 100 1# - MAIN ENTRY--PERSONAL NAME | |
| Personal name | Dernburg, Thomas F. |
| 245 10 - TITLE STATEMENT | |
| Title | Macro-economía |
| Name of part/section of a work | medición, análisis y control de la actividad económica total |
| 264 #1 - PRODUCTION, PUBLICATION, DISTRIBUTION, MANUFACTURE, AND COPYRIGHT NOTICE | |
| Place of production, publication, distribution, manufacture | Madrid : |
| Name of producer, publisher, distributor, manufacturer | Revista de Derecho Privado |
| Date of production, publication, distribution, manufacture, or copyright notice | 1962 |
| 300 ## - PHYSICAL DESCRIPTION | |
| Extent | 404 p. |
| Dimensions | 22 cm. |
| 505 ## - FORMATTED CONTENTS NOTE | |
| Formatted contents note | 1. El marco institucional - 2. La cuenta de producto nacional bruto - 3. Problemas conceptuales en la estimación del producto nacional bruto - 4. Cuentas sectoriales - 5. Simplificación de las cuentas - 6. Consumo, ahorro y la teoría elemental de la determinación de la renta - 7. El estado y el nivel de la renta - 8. El nivel de la inversión - 9. El interés y el dinero - 10. El equilibrio general de los mercados de producto y monetario - 11. La demnada monetaria y la política de estabilización - 12. El nivel de empleo(1) - 13. El nivel de empleo(2) - 14. El pleno empleo, el nivel de precios y la teoría del interés - 15. El comercio internacional y el nivel de la renta - 16. Una economía expansiva - 17. El estancamiento secular - 18. La inflación - 19. Los ciclos económicos - 20. Los problemas de la política fiscal - 21. La financiación de los gastos públicos |
| 590 ## - LOCAL NOTE (RLIN) | |
| Local note | niveau_biblio:m niveau_hierar:0 |
| 700 1# - ADDED ENTRY--PERSONAL NAME | |
| Personal name | McDougall, Duncan M. |
| 942 ## - ADDED ENTRY ELEMENTS (KOHA) | |
| Koha item type | |
| Withdrawn status | Lost status | Damaged status | Not for loan | Home library | Current library | Shelving location | Date acquired | Total checkouts | Full call number | Barcode | Date last seen | Price effective from | Koha item type |
|---|---|---|---|---|---|---|---|---|---|---|---|---|---|
| Biblioteca Prof. Eusebio Cleto del Rey | Biblioteca Prof. Eusebio Cleto del Rey | 07/04/2026 | 330.101.541 D436m | L21702 | 07/04/2026 | 07/04/2026 | Libro |